Pokémon - Pokédex National (2) - Statistiques

Statistiques générales
  • Ce quiz a été pris 23 fois
  • Le résultat moyen est 35 sur 60
Statistiques - réponses
Question Tuile Select % Correct
Qui est le № 00239 ? Non
95%
Qui est le № 0138 ? Non
86%
Qui est le № 0511 ? Non
86%
Qui est le № 0138 ? Non
81%
Qui est le № 0511 ? Non
81%
Qui est le № 0511 ? Oui
81%
Qui est le № 0735 ? Non
81%
Qui est le № 0134 ? Non
81%
Qui est le № 0373 ? Non
81%
Qui est le № 0138 ? Oui
76%
Qui est le № 0900 ? Non
76%
Qui est le № 0324 ? Non
71%
Qui est le № 0324 ? Non
71%
Qui est le № 0695 ? Non
71%
Qui est le № 0884 ? Non
71%
Qui est le № 0134 ? Non
71%
Qui est le № 0373 ? Non
71%
Qui est le № 0373 ? Oui
71%
Qui est le № 0416 ? Non
67%
Qui est le № 0416 ? Non
67%
Qui est le № 0735 ? Non
67%
Qui est le № 0947 ? Non
67%
Qui est le № 0134 ? Oui
67%
Qui est le № 0937 ? Non
67%
Qui est le № 00239 ? Non
62%
Qui est le № 0735 ? Oui
62%
Qui est le № 0212 ? Non
62%
Qui est le № 0749 ? Non
62%
Qui est le № 0820 ? Non
62%
Qui est le № 0905 ? Non
62%
Qui est le № 00239 ? Oui
57%
Qui est le № 0324 ? Oui
57%
Qui est le № 0212 ? Non
57%
Qui est le № 0445 ? Non
57%
Qui est le № 0631 ? Non
57%
Qui est le № 0820 ? Non
57%
Qui est le № 0905 ? Non
57%
Qui est le № 0695 ? Non
52%
Qui est le № 0884 ? Non
52%
Qui est le № 0445 ? Non
52%
Qui est le № 0687 ? Non
52%
Qui est le № 0820 ? Oui
52%
Qui est le № 0416 ? Oui
48%
Qui est le № 0687 ? Non
48%
Qui est le № 0749 ? Non
48%
Qui est le № 0905 ? Oui
48%
Qui est le № 0937 ? Non
48%
Qui est le № 0937 ? Oui
48%
Qui est le № 0900 ? Non
43%
Qui est le № 0900 ? Oui
43%
Qui est le № 0749 ? Oui
43%
Qui est le № 0695 ? Oui
38%
Qui est le № 0884 ? Oui
38%
Qui est le № 0687 ? Oui
38%
Qui est le № 0212 ? Oui
33%
Qui est le № 0445 ? Oui
33%
Qui est le № 0631 ? Oui
33%
Qui est le № 0631 ? Non
33%
Qui est le № 0947 ? Non
29%
Qui est le № 0947 ? Oui
19%
Aucun quiz correspondant
Distribution des résultats
% des personnes avec chaque résultat
Percentile par nombre de réponses
Votre historique - résultats
Vous n’avez pas pris ce quiz